| 000 | 01482nam a2200301Ia 4500 | ||
|---|---|---|---|
| 001 | 4826 | ||
| 003 | IT-RoPAU | ||
| 008 | 130308s9999 xx 000 0 und d | ||
| 040 | _aIT-RoPAU | ||
| 040 | _cIT-RoPAU | ||
| 041 | _aITALIANO | ||
| 100 | _aGioia Caterina | ||
| 100 | _gCodice Aut. SPICS: 6049 | ||
| 245 | _aDonna (La), Figlia di San Paolo, nella pastorale specializzata secondo l'insegnamento di G. Alberione | ||
| 245 | _bDonna (La), Figlia di San Paolo, nella Pastorale Specializzata Secondo L'Insegnamento di G. Alberione | ||
| 250 | _a1a ed. | ||
| 260 | _aROMA | ||
| 260 | _bEdizioni Paoline Fsp | ||
| 260 | _c1974 [1° Ed.:1974 - Ed.Ling.Originale:1974] | ||
| 300 | _a"232 p. (prefazione: no ; testo: 232)" | ||
| 500 | _aLinee Direttive per un Apostolato Paolino Giacomo Alberione e suo carisma Attributi dell'Apostolato Pastoralità Paolinità Universalità e Romanita'Femminismo donna nella Società e nella Famiglia Vita Religiosa donna Vergine Apostola Figlia di San Paolo Associata Allo Zelo Sacerdotale Maria Modello della Figlia di San Paolo Formazione Cristiana Religiosa Paolina Formazione Eequilibrata e mezzi Educativi Figlia di San Paolo e Pastorale Specializzata Evangelizzazione in Senso Completo redazione Tecnica propaganda Predicazione Strumentale Stampa Cinema Radio Televisione | ||
| 650 | _aAUTORI/OPERE FAMIGLIA PAOLINA | ||
| 650 | _eCodice materia Spics: 9903 | ||
| 942 | _cBK | ||
| 957 | _71 | ||
| 999 |
_c76286 _d76286 |
||
| 999 | _bSI | ||
| 999 | _g1 | ||